[Event "Mostoles op 9th"]
[Site "Mostoles"]
[Date "2018.07.22"]
[Round "6"]
[White "Urbelz Perez, Ignacio"]
[Black "Sanchez Garcia, Manuel"]
[Result "0-1"]
[WhiteElo "1526"]
[BlackElo "1877"]
[PlyCount "69"]
[EventDate "2018.07.17"]
[EventType "swiss"]
[EventRounds "9"]
[EventCountry "ESP"]
[SourceTitle "CBM 186 Extra"]
[Source "ChessBase"]
[SourceDate "2018.08.24"]
[SourceVersion "1"]
[SourceVersionDate "2018.08.24"]
[SourceQuality "1"]

1. e4 c5 2. Nc3 Nc6 3. Bb5 g6 4. f4 Nd4 5. Nf3 Nxb5 6. Nxb5 Bg7 7. d3 Qa5+ 8. Nc3 d6 9. Bd2 Qd8 10. 0-0 Nf6 11. Qe1 a6 12. a4 Rb8 13. h3 e6 14. Rd1 b5 15. axb5 axb5 16. e5 dxe5 17. fxe5 Nd7 18. Qg3 Qb6 19. Kh1 Bb7 20. Ne4 Bxe4 21. dxe4 0-0 22. Rde1 f6 23. exf6 Nxf6 24. e5 Nd5 25. Qh4 Rf5 26. g4 Rf7 27. Ng5 Rxf1+ 28. Rxf1 h6 29. Nf7 Rf8 30. Nxh6+ Bxh6 31. Rxf8+ Bxf8 32. Bh6 Be7 33. Qf2 Qc6 34. Kg1 c4 35. Qa7 0-1

[Event "Mostoles op 9th"]
[Site "Mostoles"]
[Date "2018.07.20"]
[Round "4"]
[White "Mejias Gonzalez, Pedro"]
[Black "Sanchez Garcia, Manuel"]
[Result "0-1"]
[WhiteElo "1543"]
[BlackElo "1877"]
[PlyCount "117"]
[EventDate "2018.07.17"]
[EventType "swiss"]
[EventRounds "9"]
[EventCountry "ESP"]
[SourceTitle "CBM 186 Extra"]
[Source "ChessBase"]
[SourceDate "2018.08.24"]
[SourceVersion "1"]
[SourceVersionDate "2018.08.24"]
[SourceQuality "1"]

1. e4 c5 2. Nf3 Nc6 3. d3 b5 4. b3 e5 5. Bb2 d6 6. Nbd2 g6 7. g3 Bg7 8. Bg2 Nge7 9. 0-0 0-0 10. Nh4 Nd4 11. Bxd4 cxd4 12. a4 bxa4 13. Rxa4 Bd7 14. Ra2 Nc6 15. Nc4 Nb4 16. Ra5 Be6 17. Ra3 d5 18. exd5 Bxd5 19. Bxd5 Nxd5 20. Qa1 Qc7 21. Ra5 Nc3 22. Re1 Rfe8 23. Ng2 e4 24. Qc1 exd3 25. cxd3 Ne2+ 26. Rxe2 Rxe2 27. Nf4 Ree8 28. Nd5 Qc6 29. Qa1 Rab8 30. Qa4 Qe6 31. Nf4 Qe1+ 32. Kg2 Qb4 33. Qd7 Red8 34. Qxa7 Qxb3 35. Qe7 Qb7+ 36. Qxb7 Rxb7 37. h4 h5 38. Ra6 Rb3 39. Nb6 Be5 40. Nbd5 Rb5 41. Ne7+ Kg7 42. Nc6 Rd6 43. Ra5 Rxa5 44. Nxa5 Bxf4 45. gxf4 Kf6 46. Nc4 Re6 47. Nd2 Kf5 48. Kf3 Rb6 49. Ne4 Rb3 50. Ng3+ Ke6 51. Ke4 Rb2 52. Kf3 f5 53. Ne2 Kd5 54. Ng3 Rd2 55. Ne2 Rxd3+ 56. Kg2 Rd1 57. Kg3 Re1 58. Kf3 Rxe2 59. Kxe2 0-1

[Event "Parla 25 Jubilee op"]
[Site "Parla"]
[Date "2008.09.09"]
[Round "4"]
[White "Sanchez Garcia, Manuel"]
[Black "Laynez Aspenberg, Jose Miguel"]
[Result "1-0"]
[WhiteElo "2062"]
[BlackElo "1935"]
[PlyCount "81"]
[EventDate "2008.09.06"]
[EventType "swiss"]
[EventRounds "9"]
[EventCountry "ESP"]
[SourceTitle "CBM 126 Extra"]
[Source "ChessBase"]
[SourceDate "2008.11.05"]
[SourceVersion "1"]
[SourceVersionDate "2008.11.05"]
[SourceQuality "1"]

1. c4 c5 2. Nf3 Nf6 3. g3 g6 4. Bg2 Bg7 5. 0-0 0-0 6. Nc3 Nc6 7. d4 cxd4 8. Nxd4 Ng4 9. e3 d6 10. h3 Nxd4 11. exd4 Nh6 12. g4 f5 13. g5 Nf7 14. h4 e6 15. Ne2 e5 16. dxe5 dxe5 17. Qxd8 Nxd8 18. Bd5+ Be6 19. Be3 Bxd5 20. cxd5 Nf7 21. Rac1 Rfc8 22. Rxc8+ Rxc8 23. Bxa7 Bf8 24. Nc3 Rc4 25. f4 exf4 26. Rd1 Nd6 27. Bb8 Kf7 28. Re1 Ne4 29. Nxe4 fxe4 30. Bxf4 Rd4 31. Be5 Rxd5 32. Rxe4 Rd2 33. Kf1 Bc5 34. Ke1 Rg2 35. b4 Be7 36. a4 Ra2 37. a5 Ra4 38. Bc3 Bd6 39. Kd2 Ra2+ 40. Kd3 Bg3 41. Bf6 1-0

[Event "Collado Villalba op-A 25th"]
[Site "Collado Villalba"]
[Date "2008.08.30"]
[Round "9"]
[White "Sanchez Garcia, Manuel"]
[Black "Barahona Torrijos, Angel"]
[Result "1/2-1/2"]
[WhiteElo "2062"]
[BlackElo "1958"]
[PlyCount "86"]
[EventDate "2008.08.22"]
[EventType "swiss"]
[EventRounds "9"]
[EventCountry "ESP"]
[SourceTitle "EXT 2009"]
[Source "ChessBase"]
[SourceDate "2008.11.26"]
[SourceVersion "1"]
[SourceVersionDate "2008.11.26"]
[SourceQuality "1"]

1. c4 e6 2. d4 d5 3. Nc3 Nf6 4. Nf3 Bb4 5. Bg5 0-0 6. e3 Nbd7 7. Bd3 c5 8. 0-0 Qa5 9. cxd5 exd5 10. Ne2 c4 11. Bc2 Ne4 12. Bf4 Ndf6 13. a3 Bd6 14. Bxd6 Nxd6 15. Ne5 Nfe4 16. Ng3 f6 17. Nxe4 dxe4 18. Nxc4 Nxc4 19. Bxe4 Nd6 20. b4 Qg5 21. Bf3 Be6 22. Rc1 Bc4 23. Re1 Rac8 24. e4 b5 25. Re3 f5 26. e5 Ne4 27. d5 Qd8 28. d6 Be6 29. Rxc8 Qxc8 30. Bxe4 fxe4 31. Rxe4 Qc6 32. Rd4 Rc8 33. h3 Qd7 34. g4 Rc3 35. Rd3 Rc4 36. Qd2 Qc6 37. Kh2 Rc1 38. d7 Qh1+ 39. Kg3 Rg1+ 40. Kf4 Qh2+ 41. Ke4 Qh1+ 42. Kf4 Qh2+ 43. Ke4 Qh1+ 1/2-1/2

[Event "La Roda op 35th"]
[Site "La Roda"]
[Date "2008.03.19"]
[Round "1"]
[White "Paunovic, Dragan"]
[Black "Sanchez Garcia, Manuel"]
[Result "1-0"]
[WhiteElo "2522"]
[BlackElo "2007"]
[PlyCount "45"]
[EventDate "2008.03.19"]
[EventType "swiss"]
[EventRounds "9"]
[EventCountry "ESP"]
[SourceTitle "CBM 123 Extra"]
[Source "ChessBase"]
[SourceDate "2008.05.06"]
[SourceVersion "1"]
[SourceVersionDate "2008.05.06"]
[SourceQuality "1"]

1. d4 Nf6 2. Nf3 e6 3. g3 Bb4+ 4. c3 Be7 5. Bg2 c5 6. 0-0 Nc6 7. c4 cxd4 8. Nxd4 0-0 9. Nc3 a6 10. h3 d5 11. cxd5 exd5 12. Be3 Ne5 13. Qb3 Nc4 14. Bf4 Bc5 15. Rad1 Re8 16. Bg5 Na5 17. Qc2 Bxd4 18. Rxd4 Qb6 19. Rfd1 Bd7 20. Bxf6 Qxf6 21. Nxd5 Qe5 22. Nb6 Bf5 23. Qd2 1-0

[Event "La Roda op 34th"]
[Site "La Roda"]
[Date "2007.04.04"]
[Round "1"]
[White "Sanchez Garcia, Manuel"]
[Black "Paunovic, Dragan"]
[Result "0-1"]
[WhiteElo "1980"]
[BlackElo "2524"]
[PlyCount "82"]
[EventDate "2007.04.04"]
[EventType "swiss"]
[EventRounds "9"]
[EventCountry "ESP"]
[SourceTitle "CBM 117 Extra"]
[Source "ChessBase"]
[SourceDate "2007.05.09"]
[SourceVersion "1"]
[SourceVersionDate "2007.05.09"]
[SourceQuality "1"]

1. d4 d6 2. e4 Nf6 3. Nc3 e5 4. Nf3 Nbd7 5. Be3 Be7 6. h3 0-0 7. Bd3 c6 8. 0-0 b5 9. dxe5 Nxe5 10. Nxe5 dxe5 11. a4 b4 12. Ne2 Be6 13. f4 Qa5 14. f5 Bc5 15. Bxc5 Qxc5+ 16. Kh2 Bc4 17. Qe1 Rad8 18. Rc1 Rd6 19. b3 Bxd3 20. cxd3 Qa5 21. Rc4 c5 22. Qg3 Re8 23. Rfc1 Qd8 24. Rxc5 Rxd3 25. Rc8 Rxg3 26. Rxd8 Rxg2+ 27. Kxg2 Rxd8 28. Rc4 h5 29. Rxb4 Rd2 30. Kf2 Rd3 31. Ng1 a5 32. Ke2 Rg3 33. Rb8+ Kh7 34. Nf3 Nxe4 35. Nxe5 Nd6 36. Nc6 Nxf5 37. Nxa5 Rxh3 38. Nc6 Rc3 39. Na5 h4 40. Kd2 h3 41. Re8 h2 0-1

[Event "Patrimonio op 1st"]
[Site "Alcala de Henares"]
[Date "2006.10.11"]
[Round "5"]
[White "Garcia Ruido, Ricardo"]
[Black "Sanchez Garcia, Manuel"]
[Result "1-0"]
[WhiteElo "2179"]
[BlackElo "2030"]
[PlyCount "77"]
[EventDate "2006.10.07"]
[EventType "swiss"]
[EventRounds "9"]
[EventCountry "ESP"]
[SourceTitle "CBM 114 Extra"]
[Source "ChessBase"]
[SourceDate "2006.11.03"]
[SourceVersion "1"]
[SourceVersionDate "2006.11.03"]
[SourceQuality "1"]

1. e4 c5 2. Nf3 Nc6 3. d4 cxd4 4. Nxd4 Nf6 5. Nc3 e5 6. Ndb5 d6 7. Bg5 a6 8. Na3 b5 9. Bxf6 gxf6 10. Nd5 Bg7 11. c3 Ne7 12. Nxe7 Qxe7 13. Nc2 f5 14. exf5 Bxf5 15. Qf3 Qd7 16. Ne3 0-0 17. Nxf5 Kh8 18. Be2 e4 19. Qh5 Be5 20. Bg4 Qc7 21. 0-0 Rg8 22. Ne3 Rg7 23. Bf5 Rag8 24. Bxe4 f5 25. Bxf5 Rg5 26. Qh3 Bf4 27. g3 Bxe3 28. fxe3 d5 29. Rf3 h5 30. Raf1 Qd6 31. Be6 Re8 32. Qh4 Qe5 33. Bf7 Re7 34. Qd4 Kg7 35. Rf4 Kh6 36. R1f3 Kg7 37. h4 Qxd4 38. cxd4 Rg4 39. Bxd5 1-0

[Event "Collado Villalba op 23rd"]
[Site "Collado Villalba"]
[Date "2006.08.22"]
[Round "4"]
[White "De la Fuente Gonzalez, Francisco"]
[Black "Sanchez Garcia, Manuel"]
[Result "1-0"]
[WhiteElo "2217"]
[BlackElo "2028"]
[PlyCount "65"]
[EventDate "2006.08.19"]
[EventType "swiss"]
[EventRounds "9"]
[EventCountry "ESP"]
[SourceTitle "CBM 113 Extra"]
[Source "ChessBase"]
[SourceDate "2006.09.14"]
[SourceVersion "1"]
[SourceVersionDate "2006.09.14"]
[SourceQuality "1"]

1. g3 e5 2. Bg2 d5 3. c4 d4 4. d3 Bb4+ 5. Bd2 Bxd2+ 6. Nxd2 Nf6 7. Ngf3 Qe7 8. b4 0-0 9. 0-0 a5 10. b5 Nbd7 11. Re1 Nc5 12. Nb3 a4 13. Nxc5 Qxc5 14. Nd2 Ra7 15. Ne4 Nxe4 16. Bxe4 Be6 17. e3 dxe3 18. Rxe3 f5 19. Bd5 Bxd5 20. Rxe5 c6 21. Qe1 f4 22. cxd5 fxg3 23. hxg3 cxd5 24. Rc1 Qxb5 25. Re7 Ra6 26. Rcc7 Qxd3 27. Rxg7+ Kh8 28. Rgf7 Rxf7 29. Qe8+ Kg7 30. Rxf7+ Kh6 31. Qf8+ Kg5 32. Rg7+ Rg6 33. Qf4+ 1-0

[Event "Collado Villalba op-A 19th"]
[Site "Collado Villalba"]
[Date "2002.08.30"]
[Round "8"]
[White "Gonzalo Gonzalez, Francisco"]
[Black "Sanchez Garcia, Manuel"]
[Result "1-0"]
[WhiteElo "1901"]
[BlackElo "2054"]
[PlyCount "105"]
[EventDate "2002.08.26"]
[EventType "swiss"]
[EventRounds "9"]
[EventCountry "ESP"]
[SourceTitle "EXT 2003"]
[Source "ChessBase"]
[SourceDate "2002.11.25"]
[SourceVersion "1"]
[SourceVersionDate "2002.11.25"]
[SourceQuality "1"]

1. e4 c5 2. Nf3 d6 3. Nc3 a6 4. Bc4 Nf6 5. h3 b5 6. Bd5 Ra7 7. d3 Nxd5 8. Nxd5 e6 9. Nf4 Be7 10. Nh5 h6 11. Nxg7+ Kd7 12. Nh5 Qg8 13. g4 Nc6 14. Be3 Kc7 15. Qd2 Kb8 16. d4 cxd4 17. Nxd4 Ne5 18. f4 Nc4 19. Nc6+ Ka8 20. Qd4 Rc7 21. Nxe7 Rxe7 22. Bf2 e5 23. fxe5 dxe5 24. Qc5 Qd8 25. 0-0 Qc7 26. Qb4 Re6 27. a4 Qd6 28. Bc5 Qd2 29. axb5 Qxb4 30. Bxb4 Rb6 31. Rxf7 Rxb5 32. Bc3 Ne3 33. Ra5 Rxa5 34. Bxa5 Nxc2 35. Re7 Nd4 36. Bc3 Rd8 37. Ng3 Bb7 38. Kg2 Nc6 39. Re6 Rh8 40. Bxe5 Nxe5 41. Rxe5 Rc8 42. Rf5 Ka7 43. Rf2 Kb6 44. Re2 Kb5 45. Nf5 Rh8 46. Nd6+ Kc6 47. Nxb7 Kxb7 48. e5 Kc7 49. Kf3 Kd7 50. Kf4 Ke6 51. Rc2 Kd5 52. Rd2+ Kc4 53. e6 1-0

[Event "Mislata op 7th"]
[Site "Valencia"]
[Date "1998.08.20"]
[Round "8.12"]
[White "Dischinger, Frank"]
[Black "Sanchez Garcia, Manuel"]
[Result "1-0"]
[WhiteElo "2255"]
[BlackElo "2075"]
[PlyCount "97"]
[EventDate "1998.08.13"]
[EventType "swiss"]
[EventRounds "9"]
[EventCountry "ESP"]
[SourceTitle "EXT 2000"]
[Source "ChessBase"]
[SourceDate "1999.11.16"]
[SourceVersion "1"]
[SourceVersionDate "1999.11.16"]
[SourceQuality "1"]

1. e4 g6 2. d4 Bg7 3. c4 d6 4. Nc3 Nf6 5. f3 0-0 6. Be3 Nc6 7. Qd2 a6 8. a3 Rb8 9. b4 e5 10. Nge2 Nh5 11. d5 Nd4 12. Nxd4 exd4 13. Bxd4 Qh4+ 14. Bf2 Qf6 15. Rc1 Nf4 16. Be3 g5 17. g3 Nh3 18. Bg2 h5 19. Rf1 Bh6 20. Nd1 Qg6 21. c5 dxc5 22. bxc5 f6 23. f4 gxf4 24. gxf4 Qg4 25. Rf3 Qh4+ 26. Rg3+ Kh8 27. Bxh3 Bxh3 28. Qf2 Bg7 29. Rxg7 Qxf2+ 30. Nxf2 Kxg7 31. Nxh3 Rfe8 32. Nf2 Kf7 33. Ke2 Re7 34. Kf3 b5 35. Nd3 Rbe8 36. e5 fxe5 37. fxe5 Rg8 38. d6 cxd6 39. exd6 Re6 40. Bf4 Rf6 41. c6 Ke6 42. c7 Rff8 43. Re1+ Kd5 44. Nb4+ Kc4 45. d7 a5 46. Rc1+ Kb3 47. Nd5 Kxa3 48. c8Q Rxc8 49. Rxc8 1-0